000 00367nam a2200157Ia 4500
100 _aUpadhyaya/Anish/ Upadhyaya/G.S
650 _aMetallurgy
942 _cBK
366 _f22
654 _apowder metallurgy
245 _aPowder Metallurgy:Science
260 _bUniversities Press
_c2011
082 _a669.9
_bUPA
300 _a518
546 _aENGLISH
_cInfo.Tech
999 _c30176
_d30176